000
00303nam a22001337a 4500
020
_a
1855737221
082
_a
664 WOO/AN
100
_a
Wood, Roger
100
_a
Foster, Lucy
245
_a
Analytical methods for food additives
260
_a
Boca Raton
_b
CRC Press
_c
2004
300
_a
258
942
_c
BK
999
_c
13875
_d
13875